|
|
|
|
| LEADER |
01020nam a2200265 a 4500 |
| 001 |
IT\ICCU\BVE\0092627 |
| 003 |
GR-PaULI |
| 005 |
20191016131841.0 |
| 008 |
960514s1995 xxka f| ||||| |eng|d |
| 020 |
|
|
|a 0500300305
|
| 040 |
|
|
|a GR-PaULI
|b gre
|c GR-PaULI
|d GR-AiPI
|e AACR2
|
| 082 |
0 |
4 |
|a 759.4
|2 23
|
| 100 |
1 |
|
|a Patin, Sylvie
|9 167538
|e συγγραφέας
|
| 245 |
1 |
0 |
|a Monet :
|b the ultimate impressionist /
|c Sylvie Patin.
|
| 260 |
|
|
|a London :
|b Thames and Hudson,
|c c1995.
|
| 300 |
|
|
|a 175 σ. :
|b έγχρ.εικ. ;
|c 18 εκ.
|
| 490 |
1 |
|
|a New horizons
|
| 600 |
|
4 |
|a Monet, Claude,
|d 1840-1926.
|9 28137
|
| 650 |
|
4 |
|a Ιμπρεσιονισμός (Τέχνη)
|9 42541
|
| 650 |
|
4 |
|a Ζωγράφοι
|9 167540
|z Γαλλία
|
| 830 |
|
0 |
|a New horizons
|9 167539
|
| 942 |
|
|
|2 ddc
|c BK15
|
| 952 |
|
|
|0 0
|1 0
|2 ddc
|4 0
|6 759_400000000000000_PAT
|7 0
|9 220378
|a LISA
|b LISA
|c BSC
|d 2018-03-02
|i 13840
|l 0
|o 759.4 PAT
|p 026000279345
|r 2018-03-02 00:00:00
|t 1
|w 2018-03-02
|y BK15
|
| 998 |
|
|
|c ΜΙΧΟΣΤΑΥΡΟΥ
|d 2018-03
|
| 999 |
|
|
|c 133212
|d 133212
|